LEADER 00963nam0-22003131i-450- 001 990001823280403321 005 20021010 035 $a000182328 035 $aFED01000182328 035 $a(Aleph)000182328FED01 035 $a000182328 100 $a20021010d--------km-y0itay50------ba 101 0 $aita 200 1 $a<>foncier - environnement$efondements juridico-institutionnels pour une gestion viable des ressources naturellesrenouvelables au Sahel$fOlivier Barriere, Catherine Barriere$gFAO. 210 $aRoma$cFAO$d1997. 215 $aVII, 120 p.$d30 cm 225 1 $aFAO étude législative$v60 610 0 $aDiritto 676 $a340 700 1$aBarrière,$bOlivier$0357611 702 1$aBarrière,$bCatherine 801 0$aIT$bUNINA$gRICA$2UNIMARC 901 $aBK 912 $a990001823280403321 952 $a60 COLL. FAO 23/60$b$fFAGBC 959 $aFAGBC 996 $aFoncier - environnement$9413069 997 $aUNINA DB $aING01